000
00320nam a2200133Ia 4500
008
190216s9999||||xx |||||||||||||| ||und||
100
_a
Venkittaraman M K
245
0
_a
Linear Programming
250
_a
FIRST
260
_b
The National Publishing Company
_c
1989
300
_a
287
650
_a
Mathematics
942
_c
BK
999
_c
31021
_d
31021